00425nam a22001577a 450000500170000001000130001702000260003003500130005603700100006908200080007910000170008724500650010426000420016927000340021130000220024520111007144235.0 aG-001689 a9788181982728c495.00 aG-001689 bGift  a485 aVarde, C.S.  aCommunication skill for technical students /cby C.S. Varde  aJaipur bUniversity Book House c2010 a79, Chaura RastabJaipur e03 a194p.:c22cm (Hb)